| 000 | 00800nab a2200241 u 4500 | ||
|---|---|---|---|
| 001 | 08586 | ||
| 003 | HDC | ||
| 007 | cr bn ---aaaaa | ||
| 008 | 210131c20161021my dr|nes 0 a eng d | ||
| 040 | _aHDC | ||
| 245 | 0 | _aA&W won't revert to using 'Root Beer', 'Coney Dog' | |
| 260 |
_aKuala Lumpur : _bNew Straits Times Press (M) Bhd., _c2016 |
||
| 336 |
_atext _2rdacontent |
||
| 337 |
_acomputer _2rdamedia |
||
| 338 |
_aonline resource _2rdacarrier |
||
| 650 |
_aFood and beverage _96147 |
||
| 650 |
_aHalal certificate _9482 |
||
| 710 | _aNew Straits Times | ||
| 856 | _zRequest full-text at [email protected] | ||
| 942 | _2lcc | ||
| 942 | _cNEWS | ||
| 942 | _kNWSC 000756 | ||
| 999 |
_c5909 _d5909 |
||